Račan spravodaj pre ľudí z Rače, Krasňan a Východného

Bibliographic Details
Format: Journal
Language:Slovak
PhysicalDescription:zv. 30 cm
Published: Bratislava Pelitas 2010-
Subjects:

MARC

LEADER 00000cas a2200000 a 4500
001 vtls010663013
003 SK-MaSNL
005 20260228162008.0
008 150324c20109999xo zr|p 0 b0slo
040 |a SNK  |b slo  |c SNK  |e AACR2 
041 0 |a slo 
043 |a e-xo--- 
044 |a xo  |c SK 
072 7 |a 316.7  |x Sociológia kultúry. Kultúrny život  |2 SNKPH 
080 |a 316.728  |2 2011 
080 |a (437.6)  |2 2011 
080 |a 050  |2 2001 
080 |a (051)+(054)(437.6)  |2 2011 
245 0 0 |a Račan  |b spravodaj pre ľudí z Rače, Krasňan a Východného 
260 |a Bratislava  |b Pelitas  |c 2010- 
300 |a zv.  |c 30 cm 
310 |a Občasník 
362 0 |a Č. 1 (2010)- 
500 |a Evidenčné číslo: EV 4185/10 
500 |a Podnázov v tiráži: regionálny mesačník ; od r. 2013- spravodaj Račan - regionálny občasník 
500 |a Popis podľa r. 2013- 
650 0 7 |a spoločenský život  |2 SNKPH  |9 28654 
651 7 |a Rača (Bratislava III, Slovensko)  |2 SNKPHgeo  |9 25416 
651 7 |a Krasňany (Bratislava, Slovensko)  |2 SNKPHgeo  |9 133269 
655 7 |a regionálne periodiká  |2 SNKPH  |9 131775 
910 |a snk 
999 |c 6377  |d 8307 
952 |0 0  |1 0  |4 0  |7 0  |8 0  |a SNK  |b SNK  |d 2021-06-29  |i snk2021/7713  |l 0  |o snkČSB 7662/2013  |p 17A1434998  |r 2026-02-21 21:21:08  |t č. 1-4  |w 2026-02-21  |y PREZ  |z V č. 2 je súčasťou čas. špecálna príloha: 9. Festival Frankovky modrej 
952 |0 0  |1 0  |4 0  |7 0  |8 0  |a SNK  |b SNK  |d 2021-06-29  |i snk2021/7715  |l 0  |o snkČSB 7662/2014  |p 17A1434997  |r 2026-02-21 21:21:08  |t č. 1-6  |w 2026-02-21  |y PREZ 
952 |0 0  |1 0  |4 0  |7 0  |8 0  |a SNK  |b SNK  |d 2021-06-29  |i snk2021/7727  |l 0  |o snkČSB 7662/2015  |p 17A1434996  |r 2026-02-21 21:29:17  |t č. 1-4, neúplné  |w 2026-02-21  |y PREZ  |z Chýba č. 1 
952 |0 0  |1 0  |4 0  |7 0  |8 0  |a SNK  |b SNK  |d 2021-06-29  |i snk2021/7728  |l 0  |o snkČSB 7662/2016  |p 17A1434995  |r 2026-02-21 21:29:17  |t č. 1-3, neúplné  |w 2026-02-21  |y PREZ  |z Chýba č. 1 
952 |0 0  |1 0  |4 0  |7 0  |8 0  |a SNK  |b SNK  |d 2021-06-29  |i snk2021/7729  |l 0  |o snkČSB 7662/2017  |p 17A1434994  |r 2026-02-21 21:29:17  |t č. 1-5  |w 2026-02-21  |y PREZ 
952 |0 0  |1 0  |4 0  |7 0  |8 0  |a SNK  |b SNK  |d 2021-06-29  |i snk2021/7738  |l 0  |o snkČSB 7662/2018  |p 17A1434993  |r 2026-02-21 21:29:17  |t č. 1-6  |w 2026-02-21  |y PREZ 
952 |0 0  |1 0  |4 0  |7 0  |8 0  |a SNK  |b SNK  |d 2021-06-29  |i snk2021/7739  |l 0  |o snkČSB 7662/2019  |p 17A1434992  |r 2026-02-21 21:29:17  |t č. 1-3  |w 2026-02-21  |y PREZ